[Event "Baia Mare Maramures op"]
[Site "Baia Mare"]
[Date "2023.09.01"]
[Round "3"]
[White "Breitkopf, Ioan Francisc"]
[Black "Mozes, Ervin"]
[Result "1-0"]
[WhiteElo "1881"]
[BlackElo "2022"]
[PlyCount "81"]
[EventDate "2023.08.31"]
[EventType "swiss"]
[EventRounds "9"]
[EventCountry "ROU"]
[SourceTitle "EXT 2024"]
[Source "ChessBase"]
[SourceDate "2023.10.10"]
[SourceVersion "1"]
[SourceVersionDate "2023.10.10"]
[SourceQuality "1"]

1. d4 Nf6 2. c4 d6 3. Nc3 c6 4. e4 g6 5. Be2 a6 6. Bf3 Bg7 7. Be3 Nbd7 8. Nge2 Qc7 9. Qd2 h6 10. b3 Nf8 11. h3 Bd7 12. Rc1 Ne6 13. d5 Ng5 14. Ng1 Nxf3+ 15. Nxf3 c5 16. a4 Rb8 17. 0-0 g5 18. Nh2 Qb6 19. Qd1 Kd8 20. Re1 Kc7 21. Bd2 Rbe8 22. a5 Qa7 23. b4 e6 24. e5 dxe5 25. d6+ Kc8 26. Be3 Bc6 27. Bxc5 Qa8 28. b5 Bxg2 29. Na4 Nd7 30. f3 Bxh3 31. Bb6 Bf6 32. Bc7 Bd8 33. Rxe5 Bxc7 34. dxc7 Kxc7 35. b6+ Kc8 36. Qd6 Qb8 37. Rc5+ Kd8 38. Rc7 Qxc7 39. bxc7+ Kc8 40. Rd1 e5 41. Ng4 1-0

[Event "HUN-ch Rapid"]
[Site "Ajka"]
[Date "2022.07.15"]
[Round "1"]
[White "Kantor, Gergely"]
[Black "Mozes, Ervin"]
[Result "1-0"]
[WhiteElo "2582"]
[BlackElo "2039"]
[PlyCount "55"]
[EventDate "2022.07.15"]
[EventType "swiss (rapid)"]
[EventRounds "13"]
[EventCountry "HUN"]
[SourceTitle "CBM 209 Extra"]
[Source "ChessBase"]
[SourceDate "2022.09.30"]
[SourceVersion "1"]
[SourceVersionDate "2022.09.30"]
[SourceQuality "1"]

1. d4 Nf6 2. Nf3 d6 3. c4 c6 4. Nc3 Bf5 5. d5 cxd5 6. cxd5 a6 7. Nd4 Bg6 8. g3 Ne4 9. Bg2 Nxc3 10. bxc3 Nd7 11. 0-0 Rc8 12. f4 h6 13. e4 Rxc3 14. Kh1 Nc5 15. Bb2 Rd3 16. Qe2 Qa5 17. Nb3 Nxb3 18. axb3 Qd2 19. Qg4 e6 20. Rad1 Qxb2 21. Rxd3 h5 22. Qf3 Be7 23. f5 exf5 24. exf5 Bh7 25. Re3 Kd8 26. Qxh5 g6 27. Qg4 gxf5 28. Qb4 1-0

[Event "Targu Mures op 3rd"]
[Site "Targu Mures"]
[Date "2022.06.09"]
[Round "7"]
[White "Mozes, Ervin"]
[Black "Hoanca, Alexia Ioana"]
[Result "1/2-1/2"]
[WhiteElo "2066"]
[BlackElo "1730"]
[PlyCount "154"]
[EventDate "2022.06.05"]
[EventType "swiss"]
[EventRounds "9"]
[EventCountry "ROU"]
[SourceTitle "EXT 2024"]
[Source "ChessBase"]
[SourceDate "2023.10.10"]
[SourceVersion "1"]
[SourceVersionDate "2023.10.10"]
[SourceQuality "1"]

1. g3 d5 2. Bg2 Nf6 3. c3 g6 4. d3 Bg7 5. Qc2 0-0 6. Nf3 c5 7. Nbd2 Nc6 8. 0-0 e5 9. a3 Re8 10. e4 h6 11. b4 cxb4 12. axb4 dxe4 13. dxe4 Qc7 14. Qa4 Bd7 15. Qa3 b5 16. Ne1 a5 17. Nd3 axb4 18. Qxa8 Rxa8 19. Rxa8+ Nb8 20. Nxb4 Qb7 21. Ra1 Be6 22. Ba3 Nbd7 23. Rfd1 Nb6 24. Nd3 Nfd7 25. Rdb1 Qc6 26. Bb4 Na4 27. Kh1 h5 28. Nb2 Nab6 29. Nf1 Bf6 30. Re1 h4 31. Rad1 Qb7 32. h3 hxg3 33. fxg3 Kg7 34. Ne3 Qa8 35. Nd3 Qh8 36. Kh2 Bg5 37. Nf2 Nf6 38. Kg1 Nh5 39. h4 Bd8 40. Nh1 Nf6 41. Bc5 Nfd7 42. Bd6 Qe8 43. Nf2 Be7 44. Bb4 Nf6 45. Nd5 Bd8 46. Nxf6 Bxf6 47. Rd3 Nc4 48. Kh2 Qh8 49. Rh1 g5 50. Kg1 gxh4 51. Bh3 Bxh3 52. Rxh3 Qh6 53. Kh2 Qc1 54. gxh4 Nd2 55. Rdg3+ Kh7 56. Rg1 Qc2 57. Kh1 Nxe4 58. Nd3 Nf2+ 59. Nxf2 Qxf2 60. Bd6 Qd2 61. Bb8 Qd5+ 62. Rg2 e4 63. Bf4 Bh8 64. Kh2 f5 65. Rg5 Qa2+ 66. Rg2 Qc4 67. Rg5 Qe2+ 68. Rg2 Qf1 69. Bd6 f4 70. Rg1 Qe2+ 71. Rg2 Qf1 72. Rg1 Qf2+ 73. Rg2 Qf1 74. Rg1 Qf2+ 75. Rg2 Qf1 76. Rg1 Qf2+ 77. Rg2 Qf1 1/2-1/2

[Event "Tasnad Orasului Cup"]
[Site "Tasnad"]
[Date "2021.09.12"]
[Round "6"]
[White "Donici Maier, David"]
[Black "Mozes, Ervin"]
[Result "1-0"]
[WhiteElo "1743"]
[BlackElo "2070"]
[PlyCount "67"]
[EventDate "2021.09.09"]
[EventType "swiss"]
[EventRounds "7"]
[EventCountry "ROU"]
[SourceTitle "CBM 204 Extra"]
[Source "ChessBase"]
[SourceDate "2021.11.30"]
[SourceVersion "1"]
[SourceVersionDate "2021.11.30"]
[SourceQuality "1"]

1. e4 Nf6 2. e5 Nd5 3. d4 c6 4. Nf3 d6 5. Be2 Nd7 6. c4 Nc7 7. 0-0 dxe5 8. dxe5 Ne6 9. Nc3 Qc7 10. Nd4 Nxd4 11. Qxd4 Qxe5 12. Qh4 h6 13. f4 Qc5+ 14. Kh1 Nf6 15. Qg3 Bf5 16. a3 e6 17. Be3 Qe7 18. Bd4 g6 19. Qh4 Bg7 20. g4 Rd8 21. Be5 Bc2 22. b4 0-0 23. Rac1 Rd2 24. g5 hxg5 25. fxg5 Nh5 26. Bf6 Qc7 27. Bxh5 gxh5 28. Qxh5 Bg6 29. Qh4 Qd6 30. Rf3 Rd3 31. Rcf1 Rxf3 32. Rxf3 Bxf6 33. gxf6 Rd8 34. Rh3 1-0

[Event "Tasnad Orasului Cup"]
[Site "Tasnad"]
[Date "2021.09.11"]
[Round "5"]
[White "Mozes, Ervin"]
[Black "Turlea, Constantin"]
[Result "1/2-1/2"]
[WhiteElo "2070"]
[BlackElo "1907"]
[PlyCount "75"]
[EventDate "2021.09.09"]
[EventType "swiss"]
[EventRounds "7"]
[EventCountry "ROU"]
[SourceTitle "CBM 204 Extra"]
[Source "ChessBase"]
[SourceDate "2021.11.30"]
[SourceVersion "1"]
[SourceVersionDate "2021.11.30"]
[SourceQuality "1"]

1. d4 f5 2. Nc3 Nf6 3. Bg5 d5 4. Qd2 c6 5. Bxf6 exf6 6. e3 Be6 7. Bd3 Nd7 8. Nge2 g6 9. f3 Nb6 10. b3 Qc7 11. 0-0-0 Bb4 12. Kb1 a5 13. a4 0-0-0 14. e4 fxe4 15. fxe4 dxe4 16. Bxe4 Rhe8 17. Qd3 Rd7 18. Na2 Ba3 19. c4 Bg4 20. Nec3 Bxd1 21. Rxd1 f5 22. Bf3 Qxh2 23. d5 Qe5 24. Qc2 Kc7 25. c5 Nc8 26. Nc1 Bxc1 27. Qxc1 Qe3 28. Qc2 h5 29. d6+ Kb8 30. Ne2 Re5 31. Nd4 Ne7 32. Nb5 Nd5 33. Bxd5 Rxd5 34. Rxd5 cxd5 35. Ka2 Qe4 36. Qd2 Qb4 37. Qe3 Rd8 38. c6 1/2-1/2

[Event "HUN-chT2 Erkel 1819"]
[Site "Hungary"]
[Date "2019.02.10"]
[Round "5.5"]
[White "Kiss, Pal Vac"]
[Black "Mozes, Ervin"]
[Result "1/2-1/2"]
[WhiteElo "1957"]
[BlackElo "2157"]
[PlyCount "87"]
[EventDate "2018.10.28"]
[EventType "team-tourn"]
[EventRounds "9"]
[EventCountry "HUN"]
[SourceTitle "EXT 2021"]
[Source "ChessBase"]
[SourceDate "2020.10.23"]
[SourceVersion "1"]
[SourceVersionDate "2020.10.23"]
[SourceQuality "1"]
[WhiteTeam "Vac"]
[BlackTeam "Gyongyos Energia"]
[WhiteTeamCountry "HUN"]
[BlackTeamCountry "HUN"]

1. e4 d5 2. exd5 Qxd5 3. Nc3 Qd6 4. d4 Nf6 5. Nf3 a6 6. a4 Nc6 7. Be3 Bf5 8. Bd3 Bxd3 9. Qxd3 e6 10. 0-0 Nb4 11. Qe2 Be7 12. Nd1 0-0 13. c3 Nc6 14. Bg5 Nd5 15. Bxe7 Ncxe7 16. Ne5 Ng6 17. Nxg6 hxg6 18. Ne3 Qc6 19. Qc4 Qxc4 20. Nxc4 a5 21. Ra3 Rfd8 22. Rb3 b6 23. f4 f6 24. g3 Kf7 25. Re1 Rd7 26. Rb5 Rh8 27. h4 Ra8 28. Kf2 Ne7 29. Ne3 Rad8 30. Re2 Nc8 31. Nc4 Rd5 32. Rxd5 exd5 33. Nd2 Nd6 34. Re1 Rb8 35. Kf3 f5 36. Ra1 b5 37. axb5 Rxb5 38. Ra2 Ke6 39. Ke3 Nc4+ 40. Nxc4 dxc4 41. Ra4 Kd5 42. Kf3 c5 43. dxc5 Kxc5 44. g4 1/2-1/2

[Event "Arad op 11th"]
[Site "Arad"]
[Date "2018.08.08"]
[Round "5"]
[White "Mozes, Ervin"]
[Black "Balla, Tamas Kristof"]
[Result "1/2-1/2"]
[WhiteElo "2143"]
[BlackElo "2352"]
[PlyCount "41"]
[EventDate "2018.08.05"]
[EventType "swiss"]
[EventRounds "9"]
[EventCountry "ROU"]
[SourceTitle "CBM 185 Extra"]
[Source "ChessBase"]
[SourceDate "2018.07.29"]
[SourceVersion "1"]
[SourceVersionDate "2018.07.29"]
[SourceQuality "1"]

1. e4 c5 2. c3 d6 3. g3 g6 4. Bg2 Bg7 5. Ne2 Qc7 6. 0-0 b6 7. d4 Bb7 8. h3 Nd7 9. Be3 e6 10. Na3 a6 11. Qd2 Ngf6 12. f3 0-0 13. g4 b5 14. Ng3 e5 15. Rad1 cxd4 16. cxd4 exd4 17. Bxd4 d5 18. f4 dxe4 19. g5 Nd5 20. Bxg7 Kxg7 21. Qd4+ 1/2-1/2

[Event "Satu Mare Szabo Memorial"]
[Site "Satu Mare"]
[Date "2018.07.30"]
[Round "9"]
[White "Mozes, Ervin"]
[Black "Petrisor, Adrian Marian"]
[Result "0-1"]
[WhiteElo "2153"]
[BlackElo "2416"]
[PlyCount "46"]
[EventDate "2018.07.24"]
[EventType "swiss"]
[EventRounds "9"]
[EventCountry "ROU"]
[SourceTitle "CBM 185 Extra"]
[Source "ChessBase"]
[SourceDate "2018.07.29"]
[SourceVersion "1"]
[SourceVersionDate "2018.07.29"]
[SourceQuality "1"]

1. d3 e5 2. g3 d5 3. Nf3 Nc6 4. Bg2 Be6 5. 0-0 f6 6. Nbd2 Qd7 7. b3 g5 8. e4 d4 9. a4 h5 10. h4 0-0-0 11. Nc4 Bg4 12. hxg5 h4 13. gxh4 Nge7 14. gxf6 Ng6 15. Bg5 Bh6 16. Ncxe5 Ncxe5 17. Nxe5 Nxe5 18. f3 Bxg5 19. hxg5 Bh3 20. Qd2 Rdg8 21. f4 Ng4 22. Rf3 Bxg2 23. Qxg2 Rh2 0-1

[Event "Satu Mare Szabo Memorial"]
[Site "Satu Mare"]
[Date "2018.07.27"]
[Round "5"]
[White "Martinovici, Ilie"]
[Black "Mozes, Ervin"]
[Result "1-0"]
[WhiteElo "2360"]
[BlackElo "2153"]
[PlyCount "125"]
[EventDate "2018.07.24"]
[EventType "swiss"]
[EventRounds "9"]
[EventCountry "ROU"]
[SourceTitle "CBM 185 Extra"]
[Source "ChessBase"]
[SourceDate "2018.07.29"]
[SourceVersion "1"]
[SourceVersionDate "2018.07.29"]
[SourceQuality "1"]

1. d4 Nf6 2. c4 d6 3. Nc3 e5 4. d5 Be7 5. e4 Nbd7 6. f3 Nh5 7. Nge2 Bg5 8. g3 Qf6 9. Bg2 a6 10. 0-0 Bxc1 11. Nxc1 Qh6 12. Qe2 g5 13. Nd3 Ng7 14. b4 b6 15. Rac1 0-0 16. Qd2 f6 17. c5 bxc5 18. bxc5 Rf7 19. cxd6 cxd6 20. Na4 a5 21. Rc6 Ne8 22. Rb1 Ba6 23. Nf2 Nb8 24. Rcc1 Bb7 25. Bh3 Re7 26. Nb6 Ra7 27. Nc8 Bxc8 28. Rxc8 Na6 29. Qxa5 Kf8 30. Qd8 Kg7 31. Qb6 Qg6 32. Bf5 Qf7 33. Be6 Qg6 34. Bf5 Qf7 35. Qb2 Nc5 36. Qc2 Rec7 37. Rxc7 Qxc7 38. Qd2 Ra3 39. Kg2 Qa7 40. Rb2 Kf8 41. Qe2 h6 42. Rc2 Nc7 43. f4 N7a6 44. fxe5 fxe5 45. Qh5 Qg7 46. Rb2 Na4 47. Rd2 N6c5 48. Ng4 Nc3 49. Rf2 Rxa2 50. Rxa2 Nxa2 51. Nxh6 Nc3 52. Kf3 Nb5 53. Bg6 Qf6+ 54. Nf5 Nd4+ 55. Kg4 Nxe4 56. Qh6+ Kg8 57. Ne7+ Qxe7 58. Bxe4 Nb5 59. Qxg5+ Qxg5+ 60. Kxg5 Nc3 61. Kf5 Nxe4 62. Kxe4 Kg7 63. Kf5 1-0

[Event "Satu Mare Szabo Memorial"]
[Site "Satu Mare"]
[Date "2018.07.26"]
[Round "4"]
[White "Mozes, Ervin"]
[Black "Velickovic, Sasa"]
[Result "1/2-1/2"]
[WhiteElo "2153"]
[BlackElo "2290"]
[PlyCount "45"]
[EventDate "2018.07.24"]
[EventType "swiss"]
[EventRounds "9"]
[EventCountry "ROU"]
[SourceTitle "CBM 185 Extra"]
[Source "ChessBase"]
[SourceDate "2018.07.29"]
[SourceVersion "1"]
[SourceVersionDate "2018.07.29"]
[SourceQuality "1"]

1. e4 c5 2. g3 Nc6 3. Bg2 g6 4. Ne2 Bg7 5. c3 e5 6. d3 Nge7 7. Be3 d6 8. 0-0 0-0 9. Nd2 b6 10. f4 Qc7 11. Nf3 exf4 12. Nxf4 Bb7 13. d4 Rae8 14. Re1 Nb8 15. Nd2 Nd7 16. Bf2 Rd8 17. Rc1 Rfe8 18. Qb3 Nf6 19. Bf3 Nc6 20. Qd1 Qb8 21. a3 g5 22. Nd3 Nd7 23. d5 1/2-1/2

[Event "Satu Mare Szabo Memorial"]
[Site "Satu Mare"]
[Date "2018.07.25"]
[Round "2"]
[White "Mozes, Ervin"]
[Black "Gheorghiu, Calin"]
[Result "0-1"]
[WhiteElo "2153"]
[BlackElo "2318"]
[PlyCount "75"]
[EventDate "2018.07.24"]
[EventType "swiss"]
[EventRounds "9"]
[EventCountry "ROU"]
[SourceTitle "CBM 185 Extra"]
[Source "ChessBase"]
[SourceDate "2018.07.29"]
[SourceVersion "1"]
[SourceVersionDate "2018.07.29"]
[SourceQuality "1"]

1. e4 c5 2. g3 Nc6 3. Bg2 g6 4. Ne2 Bg7 5. c3 e5 6. d3 Nge7 7. Be3 d6 8. 0-0 0-0 9. f4 Be6 10. Nd2 Qd7 11. Nf3 f6 12. d4 cxd4 13. cxd4 exf4 14. Nxf4 Bf7 15. Bh3 f5 16. d5 Ne5 17. Nd4 Nc4 18. Bf2 Nxb2 19. Qb3 Na4 20. Nfe6 Nc5 21. Nxf8 Nxb3 22. Nxd7 Nxd4 23. Rad1 Ne2+ 24. Kh1 Nc3 25. exf5 gxf5 26. Rde1 Ne4 27. Nc5 dxc5 28. d6 Nd5 29. Bxf5 Nd2 30. Bxc5 Nxf1 31. Rxf1 b6 32. Be4 Be6 33. Ba3 Re8 34. Rf2 Nc3 35. Bc6 Rd8 36. Rd2 Nb1 37. Rd3 Nxa3 38. Rxa3 0-1

[Event "London Classic op"]
[Site "London"]
[Date "2017.12.07"]
[Round "7"]
[White "Smith, Andrew Philip"]
[Black "Mozes, Ervin"]
[Result "0-1"]
[WhiteElo "2126"]
[BlackElo "2177"]
[PlyCount "32"]
[EventDate "2017.12.02"]
[EventType "swiss"]
[EventRounds "9"]
[EventCountry "ENG"]
[SourceTitle "CBM 182 Extra"]
[Source "ChessBase"]
[SourceDate "2018.02.23"]
[SourceVersion "1"]
[SourceVersionDate "2018.02.23"]
[SourceQuality "1"]

1. e4 Nf6 2. d3 c5 3. Bg5 Qb6 4. Qc1 h6 5. Bh4 g5 6. Bg3 d5 7. h4 Bg7 8. hxg5 Nxe4 9. c3 Nxg3 10. fxg3 hxg5 11. Rxh8+ Bxh8 12. Nd2 Nc6 13. Ngf3 g4 14. Ng1 Bf5 15. Be2 c4 16. d4 Nxd4 0-1

[Event "ROM-chT2"]
[Site "Slanic Moldova"]
[Date "2017.09.30"]
[Round "1.3"]
[White "Mozes, Ervin"]
[Black "Sava, Bogdan"]
[Result "1/2-1/2"]
[WhiteElo "2158"]
[BlackElo "2098"]
[PlyCount "79"]
[EventDate "2017.09.30"]
[EventType "team-tourn"]
[EventRounds "9"]
[EventCountry "ROU"]
[SourceTitle "CBM 181 Extra"]
[Source "ChessBase"]
[SourceDate "2017.12.12"]
[SourceVersion "1"]
[SourceVersionDate "2017.12.12"]
[SourceQuality "1"]
[WhiteTeam "Arad CSU"]
[BlackTeam "Husi"]
[WhiteTeamCountry "ROU"]
[BlackTeamCountry "ROU"]

1. g3 d5 2. Bg2 e5 3. c4 d4 4. d3 c5 5. e3 Nc6 6. Ne2 dxe3 7. Bxe3 Bf5 8. Nc1 Nf6 9. a3 Qd7 10. Nc3 0-0-0 11. 0-0 Bh3 12. Re1 Bxg2 13. Kxg2 h6 14. Qf3 Nh7 15. Ne4 Nd4 16. Bxd4 cxd4 17. g4 g6 18. Kf1 Bg7 19. Nb3 Ng5 20. Qg2 Nxe4 21. Rxe4 Qc7 22. Qf3 Rhf8 23. Nd2 f5 24. gxf5 gxf5 25. Rh4 Bf6 26. Rh5 Bg5 27. Rd1 Qf7 28. Rh3 Qd7 29. Rh5 Kb8 30. Qe2 Rde8 31. Nf3 Bf4 32. Nh4 Bxh2 33. Nxf5 Rxf5 34. Rxh2 Qg7 35. Rg2 Rg5 36. Qe4 Qf6 37. Rxg5 hxg5 38. Ke2 Rf8 39. Rf1 a6 40. Kd2 1/2-1/2